| 000 | 00435nam a2200193Ia 4500 | ||
|---|---|---|---|
| 005 | 20240823031920.0 | ||
| 008 | 240823s9999||||xx |||||||||||||| ||und|| | ||
| 020 | _a978-0-586-08924-8 | ||
| 041 | _aENGLISH | ||
| 082 | _A823.914 P7 | ||
| 100 | _aDoris Lessing | ||
| 245 | 4 | _aThe Grass is Singing | |
| 250 | _a1st | ||
| 260 |
_c2007 _bHapper Pere |
||
| 500 | _aYES | ||
| 650 |
_aGrass _bGeneral |
||
| 942 | _cBK | ||
| 999 |
_c192202 _d192202 |
||